000 00601nam a2200169 4500
001 4976
005 20181127174527.0
020 0 0 _a9786169128922
090 0 0 _a248.26 D699k 2015
245 0 0 _aKyichu Lhakhang :
_bThe sacred jewel of Bhutan /
_cEdited by Dungchen Sangay Dorji, Supawan Pul Lamsam, Kesang Choden, Tashi Wanchuck, Pema Wangdi.
_h
260 0 0 _aThimphu :
_bGatshel Publishing.
_c2015.
300 0 0 _a172 p. : col. ill. ; 30 cm.
500 0 0 _a
650 0 0 _aBuddhist monasteries --Bhutan --Guidebooks.
_x
650 0 0 _aReligious life --Buddhism --Bhutan.
_x
999 _c4149
_d4149